000 00455nam a22001577a 4500
005 20251108164724.0
008 250721s1970 xx 000 0 ara d
082 1 4 _a810.89/عمر
100 1 _aأبو النصر، عمر
245 1 0 _aالمختار من الأدب العربي /
264 1 _aبيروت :
_bمكتب عمر أبو النصر،
_c1970.
300 _a240 ص
650 1 7 _aالأدب العربي
942 _2ddc
_cBK
999 _c12736
_d12736